000 00876nam a2200217Ii 4500
003 JO-AjNU
008 230605s9999||||xx |||||||||||||| ||und||
017 _a2004/9/2277
040 _aJO-AjNU
_bara
_erda
_cJO-AjNU
041 _aara
050 1 4 _aBF38.2011
100 3 _aالريماوي،محمد عودة وآخرون ، التل،شادية احمد ، العتوم،عدنان يوسف ، علاونه،شفيق فلاح ، البطش،محمد وليد/تحرير,
_eauthor
_931552
245 0 0 _aعلم النفس العام = General Psychology
250 _aط4
264 3 1 _aعمان:دار المسيرة للنشر والتوزيع والطباعة ، 2011
300 _a658ص
336 _atext
_btxt
_2rdacontent
337 _aunmediated
_bn
_2rdamedia
338 _avolume
_bnc
_2rdacarrier
650 4 _aعلم النفس-الادراك الحسي
_931553
999 _aA12632
_c16200
_d16200